[Event "Rheinland Pfalz op 11th"]
[Site "Weilerbach"]
[Date "2019.06.22"]
[Round "5"]
[White "Wawruch, Volker"]
[Black "Mueller, Lutz"]
[Result "0-1"]
[WhiteElo "1762"]
[BlackElo "2008"]
[PlyCount "58"]
[EventDate "2019.06.20"]
[EventType "swiss"]
[EventRounds "7"]
[EventCountry "GER"]
[SourceTitle "CBM 191 Extra"]
[Source "ChessBase"]
[SourceDate "2019.09.30"]
[SourceVersion "1"]
[SourceVersionDate "2019.09.30"]
[SourceQuality "1"]

1. e4 g6 2. d4 Bg7 3. Nf3 d6 4. Bc4 Nf6 5. Nc3 0-0 6. 0-0 Nc6 7. a3 Bg4 8. Be3 e5 9. dxe5 dxe5 10. Qxd8 Rfxd8 11. Nd5 Nxe4 12. Nxc7 Rac8 13. Nd5 h6 14. Ba2 Bxf3 15. gxf3 Nd6 16. Rad1 Nf5 17. c3 Nh4 18. f4 e4 19. Bb1 Nf3+ 20. Kg2 f5 21. Ba2 Kh7 22. Bc4 g5 23. fxg5 hxg5 24. Be2 f4 25. Bc1 Nce5 26. Ne7 Ra8 27. Nf5 Bf6 28. Nd4 Nxd4 29. cxd4 f3+ 0-1

[Event "Rheinland Pfalz op 11th"]
[Site "Weilerbach"]
[Date "2019.06.21"]
[Round "3"]
[White "Mueller, Markus"]
[Black "Mueller, Lutz"]
[Result "1-0"]
[WhiteElo "2147"]
[BlackElo "2008"]
[PlyCount "99"]
[EventDate "2019.06.20"]
[EventType "swiss"]
[EventRounds "7"]
[EventCountry "GER"]
[SourceTitle "CBM 191 Extra"]
[Source "ChessBase"]
[SourceDate "2019.09.30"]
[SourceVersion "1"]
[SourceVersionDate "2019.09.30"]
[SourceQuality "1"]

1. Nf3 g6 2. d4 Bg7 3. c4 d6 4. g3 Nc6 5. d5 Nb8 6. Bg2 a5 7. 0-0 Nf6 8. Nc3 0-0 9. e4 e5 10. Bd2 Na6 11. Rb1 Nc5 12. Qc2 Bd7 13. b3 Nh5 14. a3 f5 15. b4 axb4 16. axb4 Na4 17. Nxa4 Bxa4 18. Qc1 Bd7 19. c5 Bb5 20. Rd1 f4 21. g4 Nf6 22. Qc2 Ba4 23. Qc4 Bxd1 24. Rxd1 Nxg4 25. Rc1 Bf6 26. Qb5 Bh4 27. Be1 Ra2 28. cxd6 cxd6 29. Qxb7 Rf7 30. Qc8 Kg7 31. Qxg4 Bf6 32. Rc8 Qd7 33. Qxd7 Rxd7 34. h4 h6 35. Bh3 Rda7 36. Be6 Re2 37. Kf1 Rxe4 38. h5 gxh5 39. Bf5 Rxe1+ 40. Nxe1 e4 41. Bxe4 Ra1 42. Rc7+ Kg8 43. Ke2 h4 44. Bf5 Ra3 45. Nd3 Bg5 46. f3 Ra2+ 47. Kf1 Rd2 48. Be6+ Kh8 49. Nf2 Rb2 50. Ne4 1-0

[Event "GER-ch Seniors 65 31st"]
[Site "Radebeul"]
[Date "2019.04.27"]
[Round "2"]
[White "Mueller, Lutz"]
[Black "Essegern, Kurt"]
[Result "1-0"]
[WhiteElo "1985"]
[BlackElo "2116"]
[PlyCount "55"]
[EventDate "2019.04.26"]
[EventType "swiss"]
[EventRounds "9"]
[EventCountry "GER"]
[SourceTitle "CBM 190 Extra"]
[Source "ChessBase"]
[SourceDate "2019.07.15"]
[SourceVersion "1"]
[SourceVersionDate "2019.07.15"]
[SourceQuality "1"]

1. d4 Nf6 2. Nf3 e6 3. e3 b6 4. Bd3 Bb7 5. Nbd2 d5 6. 0-0 c5 7. b3 Nc6 8. a3 Bd6 9. Bb2 Qe7 10. Ne5 0-0 11. f4 g6 12. Rf3 cxd4 13. exd4 Nh5 14. g4 Ng7 15. Rh3 Rfd8 16. Qe2 Bxe5 17. fxe5 Qg5 18. Rg3 h5 19. Rf1 hxg4 20. Rxg4 Qh6 21. Nf3 Ne7 22. Bc1 Qh8 23. Rh4 Nh5 24. Bg5 Nf5 25. Bxf5 exf5 26. Bf6 Qh6 27. Ng5 Re8 28. Rf3 1-0

[Event "Unterfranken-ch69 M1"]
[Site "Schweinfurt"]
[Date "2018.04.04"]
[Round "5"]
[White "Helm, Timo"]
[Black "Mueller, Lutz"]
[Result "1-0"]
[WhiteElo "2071"]
[BlackElo "2005"]
[PlyCount "75"]
[EventDate "2018.04.02"]
[EventType "tourn"]
[EventRounds "9"]
[EventCountry "GER"]
[SourceTitle "EXT 2019"]
[Source "ChessBase"]
[SourceDate "2018.10.10"]
[SourceVersion "1"]
[SourceVersionDate "2018.10.10"]
[SourceQuality "1"]

1. e4 c5 2. Nc3 Nc6 3. f4 g6 4. Nf3 Bg7 5. Bb5 Nh6 6. Bxc6 bxc6 7. 0-0 d6 8. d3 0-0 9. Qe1 f5 10. e5 Qc7 11. b3 Nf7 12. exd6 exd6 13. Bb2 Ba6 14. Qd2 Rab8 15. Na4 Bxb2 16. Nxb2 Qb6 17. Na4 Qb4 18. c3 Qa5 19. Rfe1 Rfe8 20. Re3 Rxe3 21. Qxe3 Bb5 22. d4 c4 23. Nd2 c5 24. dxc5 cxb3 25. axb3 Re8 26. Qd4 Bxa4 27. Rxa4 Qb5 28. c4 Qxc5 29. Qxc5 dxc5 30. Rxa7 Rd8 31. Nf3 Nd6 32. Ng5 Ne4 33. Nxe4 fxe4 34. Re7 Rd1+ 35. Kf2 Kf8 36. Rxh7 Rd3 37. Rb7 Rc3 38. Rb5 1-0

[Event "GER-chT Seniors 26th"]
[Site "Templin"]
[Date "2017.09.26"]
[Round "2.4"]
[White "Fugmann, Bernd"]
[Black "Mueller, Lutz"]
[Result "1-0"]
[WhiteElo "1971"]
[BlackElo "2053"]
[PlyCount "67"]
[EventDate "2017.09.25"]
[EventType "team-swiss"]
[EventRounds "7"]
[EventCountry "GER"]
[SourceTitle "EXT 2019"]
[Source "ChessBase"]
[SourceDate "2018.10.10"]
[SourceVersion "1"]
[SourceVersionDate "2018.10.10"]
[SourceQuality "1"]
[WhiteTeam "Baden II"]
[BlackTeam "Bayern II"]
[WhiteTeamCountry "GER"]
[BlackTeamCountry "GER"]

1. e4 g6 2. Nc3 Bg7 3. d4 d6 4. Be3 Nf6 5. Qd2 Ng4 6. Bg5 h6 7. Bf4 g5 8. Bg3 Nc6 9. h3 Nf6 10. 0-0-0 Nh5 11. Bb5 Nxg3 12. fxg3 Bd7 13. Nge2 a6 14. Bxc6 bxc6 15. g4 0-0 16. Ng3 Rb8 17. Nf5 Bxf5 18. gxf5 Rb4 19. Ne2 Qb8 20. c3 Rb5 21. h4 f6 22. Rh2 Qb6 23. g4 Rb8 24. Ng3 Qa5 25. b3 Qa3+ 26. Qb2 Qxb2+ 27. Kxb2 d5 28. hxg5 hxg5 29. Rdh1 a5 30. Nh5 Bh8 31. Nf4 Bg7 32. Ne6 Kf7 33. Nxg7 Kxg7 34. Rh7+ 1-0

[Event "Wiesbaden op 29th"]
[Site "Wiesbaden"]
[Date "2017.08.26"]
[Round "5"]
[White "Klein, Joachim"]
[Black "Mueller, Lutz"]
[Result "1/2-1/2"]
[WhiteElo "2170"]
[BlackElo "2042"]
[PlyCount "56"]
[EventDate "2017.08.24"]
[EventType "swiss"]
[EventRounds "7"]
[EventCountry "GER"]
[SourceTitle "CBM 180 Extra"]
[Source "ChessBase"]
[SourceDate "2017.10.06"]
[SourceVersion "1"]
[SourceVersionDate "2017.10.06"]
[SourceQuality "1"]

1. e4 g6 2. d4 Bg7 3. Nc3 d6 4. Be3 Nf6 5. f3 0-0 6. Qd2 e5 7. d5 Nh5 8. g4 Nf4 9. Nge2 Nxe2 10. Bxe2 f5 11. gxf5 gxf5 12. 0-0-0 f4 13. Bf2 Bh3 14. Bf1 Qd7 15. Qe1 Rf6 16. Kb1 Rg6 17. Rg1 Kf7 18. Ne2 a5 19. Nc1 b5 20. Nd3 Bf6 21. Rc1 Rh6 22. Be2 c5 23. dxc6 Nxc6 24. c4 bxc4 25. Rxc4 Be6 26. Rc2 Nb4 27. Nxb4 axb4 28. b3 Be7 1/2-1/2

[Event "Wiesbaden op 29th"]
[Site "Wiesbaden"]
[Date "2017.08.26"]
[Round "4"]
[White "Mueller, Lutz"]
[Black "John, Volkmar"]
[Result "1-0"]
[WhiteElo "2042"]
[BlackElo "1852"]
[PlyCount "39"]
[EventDate "2017.08.24"]
[EventType "swiss"]
[EventRounds "7"]
[EventCountry "GER"]
[SourceTitle "CBM 180 Extra"]
[Source "ChessBase"]
[SourceDate "2017.10.06"]
[SourceVersion "1"]
[SourceVersionDate "2017.10.06"]
[SourceQuality "1"]

1. d4 d5 2. Nf3 Nf6 3. e3 e6 4. Bd3 Be7 5. Nbd2 0-0 6. 0-0 b6 7. Qe2 c5 8. b3 Bb7 9. Bb2 Nbd7 10. Ne5 Nxe5 11. dxe5 Ne4 12. Bxe4 dxe4 13. Rad1 Qc7 14. Qg4 f5 15. exf6 Bxf6 16. Qxe6+ Kh8 17. Nc4 Bxb2 18. Nxb2 Rf6 19. Qd7 Qc8 20. Qe7 1-0

[Event "Wiesbaden op 29th"]
[Site "Wiesbaden"]
[Date "2017.08.25"]
[Round "3"]
[White "Miosga, Stefan"]
[Black "Mueller, Lutz"]
[Result "0-1"]
[WhiteElo "1824"]
[BlackElo "2042"]
[PlyCount "172"]
[EventDate "2017.08.24"]
[EventType "swiss"]
[EventRounds "7"]
[EventCountry "GER"]
[SourceTitle "CBM 180 Extra"]
[Source "ChessBase"]
[SourceDate "2017.10.06"]
[SourceVersion "1"]
[SourceVersionDate "2017.10.06"]
[SourceQuality "1"]

1. e4 g6 2. d4 Bg7 3. Nc3 d6 4. Be3 Nf6 5. f3 Nc6 6. Qd2 h5 7. Nd1 e5 8. c3 Bd7 9. Nf2 a6 10. d5 Ne7 11. h3 h4 12. Bg5 Nfg8 13. Qc2 f6 14. Bd2 g5 15. Bd3 Ng6 16. Ne2 Nf4 17. Nxf4 gxf4 18. 0-0-0 Ne7 19. Kb1 0-0 20. Ng4 f5 21. Nh2 Qe8 22. Be1 Qh5 23. Qf2 Bf6 24. Bc2 Kh8 25. Ka1 Rg8 26. exf5 Nxf5 27. Bxf5 Bxf5 28. Ng4 Bg5 29. Bd2 b5 30. Rhe1 Rge8 31. Bc1 Bh7 32. Qd2 Qg6 33. Re4 Rad8 34. b3 Qf7 35. Re2 Be7 36. Qe1 Qf5 37. Bb2 Bg6 38. Qf2 Ra8 39. Qe1 Kh7 40. Qf2 Bg5 41. Qe1 a5 42. a3 Qf7 43. Nf2 Reb8 44. Ne4 Be7 45. Qd2 Rg8 46. Rc1 Rg7 47. c4 b4 48. a4 Bxe4 49. Rxe4 Rag8 50. Re2 Rg3 51. Qd3+ Kh6 52. Rcc2 R8g7 53. Rcd2 Qg8 54. Qc2 Bg5 55. Ka2 Qf7 56. Rf2 Be7 57. Rde2 Qg8 58. Bc1 Bg5 59. Qf5 Rg6 60. Qe4 Bf6 61. Qc2 Bh8 62. Qd2 Kh5 63. Qc2 R6g5 64. Qd2 Qg6 65. Bb2 Bf6 66. Bc1 Qf5 67. Bb2 Rg8 68. Bc1 R3g7 69. Bb2 Qg5 70. Qc2 Re8 71. Qe4 Rge7 72. Bc1 Qg6 73. Kb1 Kg5 74. Kc2 Qxe4+ 75. Rxe4 Kf5 76. Kd1 c6 77. dxc6 Rc8 78. Rd2 Rxc6 79. Rd5 Rg7 80. Re2 Ra6 81. Bxf4 Kxf4 82. Ke1 Rc7 83. Re4+ Kf5 84. Kf2 Rc5 85. Rd3 Bg5 86. Rg4 d5 0-1

[Event "SUI-ch Seniors 117th "]
[Site "Graechen"]
[Date "2017.07.19"]
[Round "5"]
[White "Mueller, Lutz"]
[Black "Moret, Jean Paul"]
[Result "1/2-1/2"]
[WhiteElo "2041"]
[BlackElo "1968"]
[PlyCount "82"]
[EventDate "2017.07.15"]
[EventType "swiss"]
[EventRounds "7"]
[EventCountry "SUI"]
[SourceTitle "EXT 2019"]
[Source "ChessBase"]
[SourceDate "2018.10.10"]
[SourceVersion "1"]
[SourceVersionDate "2018.10.10"]
[SourceQuality "1"]

1. d4 Nf6 2. Nf3 e6 3. e3 c5 4. Bd3 Nc6 5. 0-0 d5 6. b3 Be7 7. a3 0-0 8. Bb2 Qc7 9. Nbd2 b6 10. Ne5 cxd4 11. exd4 Re8 12. f4 g6 13. Qe2 Nd7 14. Rf3 Bf6 15. Rh3 Bg7 16. Ndf3 f6 17. Nxg6 hxg6 18. Bxg6 Re7 19. Ne5 Ncxe5 20. fxe5 Nf8 21. Bd3 f5 22. a4 Bd7 23. Rf1 Rf7 24. c4 Rc8 25. Ba3 Bc6 26. Rg3 Qd8 27. Rf4 Qe8 28. h4 Rd7 29. h5 Kh8 30. h6 Bxh6 31. Rh4 Rh7 32. Rgh3 Qg6 33. Be7 Rc7 34. Bf6+ Bg7 35. Rxh7+ Nxh7 36. Bh4 Be8 37. Qd2 Bh6 38. Qb4 Bf8 39. Qd2 Bh6 40. Qb4 Bf8 41. Qd2 Bh6 1/2-1/2

[Event "Wch Seniors 65 26th"]
[Site "Marianske Lazne"]
[Date "2016.11.24"]
[Round "6"]
[White "Mueller, Lutz"]
[Black "Valtera, Jiri"]
[Result "1/2-1/2"]
[WhiteElo "2070"]
[BlackElo "1943"]
[PlyCount "63"]
[EventDate "2016.11.19"]
[EventType "swiss"]
[EventRounds "11"]
[EventCountry "CZE"]
[SourceTitle "CBM 175 Extra"]
[Source "ChessBase"]
[SourceDate "2016.12.12"]
[SourceVersion "1"]
[SourceVersionDate "2016.12.12"]
[SourceQuality "1"]

1. d4 e6 2. Nf3 f5 3. c4 Nf6 4. Nc3 b6 5. e3 Bb7 6. Bd3 Bb4 7. Qc2 0-0 8. a3 Bxc3+ 9. Qxc3 a5 10. b3 Be4 11. Bb2 d6 12. 0-0-0 Nbd7 13. Nd2 Bxd3 14. Qxd3 Qe7 15. h3 d5 16. f3 c5 17. g4 a4 18. gxf5 exf5 19. cxd5 axb3 20. Kb1 cxd4 21. Qxd4 Nc5 22. d6 Qf7 23. Qc4 Ra4 24. Qxf7+ Kxf7 25. e4 fxe4 26. fxe4 Ncxe4 27. Nxe4 Rxe4 28. d7 Rd8 29. Rhf1 Ke6 30. Rg1 Rxd7 31. Rxd7 Nxd7 32. Bxg7 1/2-1/2

[Event "Wch Seniors 65 26th"]
[Site "Marianske Lazne"]
[Date "2016.11.22"]
[Round "4"]
[White "Mueller, Lutz"]
[Black "Marsina, Stefan"]
[Result "0-1"]
[WhiteElo "2070"]
[BlackElo "1910"]
[PlyCount "64"]
[EventDate "2016.11.19"]
[EventType "swiss"]
[EventRounds "11"]
[EventCountry "CZE"]
[SourceTitle "CBM 175 Extra"]
[Source "ChessBase"]
[SourceDate "2016.12.12"]
[SourceVersion "1"]
[SourceVersionDate "2016.12.12"]
[SourceQuality "1"]

1. d4 e6 2. Nf3 Nf6 3. e3 b6 4. Bd3 Bb7 5. Nbd2 d5 6. 0-0 Be7 7. b3 Nbd7 8. Bb2 0-0 9. Qe2 Ne4 10. c4 c5 11. Rac1 a5 12. a4 Ndf6 13. Rfd1 Qc7 14. cxd5 Nxd2 15. Nxd2 exd5 16. Nf3 Ne4 17. dxc5 Nxc5 18. Nd4 Bf6 19. Qf3 Qe5 20. Rc2 Nxd3 21. Rxd3 Rac8 22. Rdd2 Rxc2 23. Rxc2 Rc8 24. Qd1 Qe4 25. Rxc8+ Bxc8 26. Qc1 Ba6 27. f3 Qd3 28. Kf2 h6 29. Kg3 g5 30. Qc3 Be5+ 31. Kh3 Qg6 32. Qc2 Qh5# 0-1

[Event "GER-chA Seniors 28th"]
[Site "Niederhausen"]
[Date "2016.08.21"]
[Round "9"]
[White "Hilburt, Leonid"]
[Black "Mueller, Lutz"]
[Result "0-1"]
[WhiteElo "2139"]
[BlackElo "2032"]
[PlyCount "50"]
[EventDate "2016.08.13"]
[EventType "swiss"]
[EventRounds "9"]
[EventCountry "GER"]
[SourceTitle "EXT 2019"]
[Source "ChessBase"]
[SourceDate "2018.10.10"]
[SourceVersion "1"]
[SourceVersionDate "2018.10.10"]
[SourceQuality "1"]

1. e4 c5 2. Nc3 Nc6 3. g3 g6 4. Bg2 Bg7 5. Nge2 d6 6. d3 Rb8 7. f4 b5 8. 0-0 Nd4 9. h3 e6 10. Kh1 Ne7 11. Nb1 d5 12. c3 Nxe2 13. Qxe2 0-0 14. Nd2 b4 15. e5 bxc3 16. bxc3 Qa5 17. Rb1 Ba6 18. Rxb8 Rxb8 19. Nb3 Qxc3 20. Rd1 Nf5 21. Kh2 Nd4 22. Nxd4 cxd4 23. Qd2 Rb1 24. Bf3 Bf8 25. Qe2 Rxc1 0-1

[Event "GER-chA Seniors 28th"]
[Site "Niederhausen"]
[Date "2016.08.18"]
[Round "6"]
[White "Mueller, Lutz"]
[Black "Hassenrueck, Helmut"]
[Result "1/2-1/2"]
[WhiteElo "2032"]
[BlackElo "2208"]
[PlyCount "88"]
[EventDate "2016.08.13"]
[EventType "swiss"]
[EventRounds "9"]
[EventCountry "GER"]
[SourceTitle "EXT 2019"]
[Source "ChessBase"]
[SourceDate "2018.10.10"]
[SourceVersion "1"]
[SourceVersionDate "2018.10.10"]
[SourceQuality "1"]

1. d4 Nf6 2. Nf3 e6 3. e3 c5 4. Bd3 d5 5. b3 Nc6 6. a3 Bd6 7. Bb2 0-0 8. Nbd2 Re8 9. Ne5 cxd4 10. exd4 Qb6 11. Ndf3 h6 12. 0-0 Ne4 13. Bxe4 dxe4 14. Nd2 Qc7 15. Ndc4 Bf8 16. Qe2 b5 17. Ne3 Nxe5 18. dxe5 a6 19. c4 Bb7 20. Rac1 Qb6 21. b4 bxc4 22. Nxc4 Qb5 23. Qg4 Rad8 24. Nd6 Bxd6 25. exd6 e5 26. Rc5 Qd7 27. Qg3 Qxd6 28. Bxe5 Qg6 29. Qxg6 fxg6 30. Rfc1 e3 31. f3 Rd2 32. Bg3 e2 33. Be1 Ra2 34. Rc7 Bd5 35. R1c3 g5 36. Rd3 Ra1 37. Kf2 Rd1 38. Rd2 Rxd2 39. Bxd2 Bb3 40. Bc3 Bf7 41. Ke1 Re6 42. a4 Be8 43. Rxg7+ Kf8 44. Rc7 Bxa4 1/2-1/2

[Event "GER-chA Seniors 28th"]
[Site "Niederhausen"]
[Date "2016.08.17"]
[Round "5"]
[White "Pruefer, Friedbert"]
[Black "Mueller, Lutz"]
[Result "1/2-1/2"]
[WhiteElo "2188"]
[BlackElo "2032"]
[PlyCount "125"]
[EventDate "2016.08.13"]
[EventType "swiss"]
[EventRounds "9"]
[EventCountry "GER"]
[SourceTitle "EXT 2019"]
[Source "ChessBase"]
[SourceDate "2018.10.10"]
[SourceVersion "1"]
[SourceVersionDate "2018.10.10"]
[SourceQuality "1"]

1. Nf3 Nf6 2. c4 g6 3. d4 Bg7 4. Nc3 0-0 5. e4 d6 6. Be2 e5 7. dxe5 dxe5 8. Qxd8 Rxd8 9. Bg5 c6 10. Nxe5 h6 11. Bxf6 Bxf6 12. Nf3 Re8 13. 0-0-0 Bxc3 14. bxc3 Nd7 15. Bd3 Nc5 16. Bc2 Bg4 17. Rhe1 Bxf3 18. gxf3 g5 19. h4 Rad8 20. hxg5 Rxd1+ 21. Rxd1 hxg5 22. Rg1 f6 23. Kd2 Kf7 24. Rh1 Ke6 25. Ke3 Rd8 26. Rh7 Ke5 27. Re7+ Kd6 28. Rf7 Ke6 29. Rh7 Ke5 30. Rh5 Ne6 31. c5 Rd7 32. Rh8 Nxc5 33. Re8+ Kd6 34. f4 gxf4+ 35. Kxf4 Ne6+ 36. Ke3 Nc5 37. Rg8 b6 38. Rg6 Rf7 39. f4 Kc7 40. Bb3 Nxb3 41. axb3 a5 42. f5 b5 43. Kf4 Kb6 44. e5 fxe5+ 45. Kxe5 a4 46. Ke6 Ra7 47. f6 axb3 48. f7 b2 49. Rg1 Rxf7 50. Kxf7 Kc5 51. Rb1 Kc4 52. Rxb2 Kxc3 53. Rh2 b4 54. Rh3+ Kc2 55. Rh2+ Kc3 56. Rh6 c5 57. Ke6 b3 58. Kd5 b2 59. Rh3+ Kc2 60. Rh2+ Kc1 61. Rh1+ Kc2 62. Kxc5 b1Q 63. Rxb1 1/2-1/2

[Event "Regionalliga NW 1516"]
[Site "Bayern"]
[Date "2015.11.15"]
[Round "3.6"]
[White "Lederer, Gerd"]
[Black "Mueller, Lutz"]
[Result "0-1"]
[WhiteElo "1798"]
[BlackElo "1959"]
[PlyCount "84"]
[EventDate "2015.10.11"]
[EventType "team-tourn"]
[EventRounds "9"]
[EventCountry "GER"]
[SourceTitle "EXT 2018"]
[Source "ChessBase"]
[SourceDate "2017.10.13"]
[SourceVersion "1"]
[SourceVersionDate "2017.10.13"]
[SourceQuality "1"]
[WhiteTeam "Kirchenlaibach"]
[BlackTeam "Bad Koenigshofen"]
[WhiteTeamCountry "GER"]
[BlackTeamCountry "GER"]

1. c4 g6 2. Nc3 Bg7 3. d4 Nf6 4. e4 d6 5. f4 0-0 6. Nf3 c5 7. d5 e6 8. Bd3 exd5 9. cxd5 b5 10. Nxb5 Nxe4 11. Bxe4 Re8 12. Qc2 Qa5+ 13. Nc3 Bxc3+ 14. bxc3 f5 15. 0-0 fxe4 16. Ng5 Bf5 17. Re1 e3 18. Qb3 Nd7 19. Bxe3 Rab8 20. Qc4 Nb6 21. Qb3 Na4 22. Qa3 Rb2 23. Rac1 h6 24. Nf3 Bd7 25. Bd2 Qd8 26. Rxe8+ Qxe8 27. Re1 Qf7 28. c4 Rb8 29. Qd3 Bf5 30. Qe3 Nb2 31. Qc3 Nd3 32. Re3 Rb1+ 33. Ne1 Nxf4 34. Kf2 Bg4 35. Nf3 Bf5 36. h3 g5 37. Qa5 Rb6 38. Bc3 Bd3 39. Qa4 Kf8 40. Qd1 Rb1 41. Qd2 Rf1+ 42. Kg3 Nh5+ 0-1

[Event "GER-chA Seniors 26th"]
[Site "Bad Neuenahr"]
[Date "2014.08.06"]
[Round "2"]
[White "Thieme, Wolfgang"]
[Black "Mueller, Lutz"]
[Result "1/2-1/2"]
[WhiteElo "1965"]
[BlackElo "2069"]
[PlyCount "95"]
[EventDate "2014.08.05"]
[EventType "swiss"]
[EventRounds "9"]
[EventCountry "GER"]
[SourceTitle "EXT 2018"]
[Source "ChessBase"]
[SourceDate "2017.10.13"]
[SourceVersion "1"]
[SourceVersionDate "2017.10.13"]
[SourceQuality "1"]

1. e4 c5 2. d4 cxd4 3. c3 dxc3 4. Nxc3 Nc6 5. Nf3 d6 6. Bc4 e6 7. 0-0 Nf6 8. Qe2 Be7 9. Rd1 e5 10. h3 0-0 11. Be3 a6 12. Rac1 Bd7 13. Bd5 Rc8 14. Na4 Nxd5 15. exd5 Nd4 16. Nxd4 Bxa4 17. Rxc8 Qxc8 18. Rc1 Qd7 19. Nf3 Rc8 20. Qd2 Rxc1+ 21. Qxc1 Qd8 22. Qc4 Bd7 23. Qb4 Bc8 24. a4 f5 25. Bb6 Qe8 26. Qc4 Kh8 27. Qc7 Qd7 28. a5 Qxc7 29. Bxc7 Bd7 30. Kf1 Bb5+ 31. Ke1 g5 32. b3 h5 33. Nd2 g4 34. Nc4 Kg7 35. Nxd6 Bxd6 36. Bxd6 Kf6 37. h4 f4 38. g3 Kf5 39. Bc7 Ke4 40. d6 Bd7 41. Bb6 Kf3 42. gxf4 exf4 43. Kf1 Bb5+ 44. Kg1 Ke2 45. b4 Bc6 46. Bc5 Kf3 47. Bb6 Bb5 48. Bc5 1/2-1/2

[Event "Rheinland Pfalz op Seniors 12th"]
[Site "Neustadt an der Weinstrasse"]
[Date "2014.07.14"]
[Round "2"]
[White "Mueller, Lutz"]
[Black "Dushatskiy, Fedor"]
[Result "0-1"]
[WhiteElo "2069"]
[BlackElo "2175"]
[PlyCount "96"]
[EventDate "2014.07.12"]
[EventType "swiss"]
[EventRounds "7"]
[EventCountry "GER"]
[SourceTitle "EXT 2019"]
[Source "ChessBase"]
[SourceDate "2018.10.10"]
[SourceVersion "1"]
[SourceVersionDate "2018.10.10"]
[SourceQuality "1"]

1. d4 f5 2. g3 Nf6 3. Bg2 e6 4. Nh3 Be7 5. Nf4 0-0 6. h4 c6 7. Nd2 d6 8. Nf3 Ne4 9. c3 Qe8 10. Qb3 Qf7 11. Be3 a5 12. Qc2 Na6 13. Nh3 Nc7 14. Nhg5 Nxg5 15. hxg5 Nd5 16. Bf4 b5 17. Rh2 a4 18. a3 g6 19. 0-0-0 Qe8 20. Rdh1 Rf7 21. Nh4 Rg7 22. Nf3 Bf8 23. Rh4 Nb6 24. Qd1 Raa7 25. Re1 Nc4 26. Nd2 Na5 27. e4 Qd8 28. exf5 exf5 29. d5 c5 30. Be3 Rge7 31. Bf1 Bd7 32. Bf4 Be8 33. Re6 Rxe6 34. dxe6 Re7 35. Bg2 Bc6 36. Bxc6 Nxc6 37. Qh1 Qe8 38. Qd5 Rxe6 39. Nf3 Na5 40. Rh1 Qf7 41. Qd1 Nb3+ 42. Kb1 Qb7 43. Re1 Rxe1 44. Nxe1 Qe4+ 45. Ka2 d5 46. Nd3 d4 47. f3 Qd5 48. Kb1 dxc3 0-1